Loading...
| History - American | 0 | 4 | 0 | 1 | 40 | 68 | 81.25 | 0 | 1 | 8.19 | 13.61 |
| History - World | 0 | 3 | 0 | 0 | 30 | 25 | 57.33 | 0 | 2 | 14.31 | 16.39 |
| Religion | 0 | 2 | 0 | 0 | 20 | 68 | 96.00 | 0 | 1 | 3.87 | 11.11 |
| Philosophy | 0 | 2 | 0 | 0 | 20 | 62 | 85.00 | 0 | 0 | 7.03 | 15.28 |
| History - European | 0 | 2 | 1 | 1 | 15 | 49 | 75.00 | 0 | 1 | 5.05 | 9.44 |
| Social Science | 0 | 1 | 0 | 1 | 10 | 103 | 103.00 | 0 | 0 | 0.00 | 1.39 |
| History - Other | 0 | 1 | 0 | 0 | 10 | 78 | 78.00 | 0 | 0 | 3.16 | 3.33 |
| Literature - American | 0 | 1 | 0 | 1 | 10 | 117 | 117.00 | 0 | 0 | 0.00 | 1.11 |
| Literature - European | 0 | 1 | 0 | 0 | 10 | 120 | 120.00 | 0 | 0 | 0.40 | 1.25 |
| Literature - World | 0 | 1 | 0 | 0 | 10 | 105 | 105.00 | 0 | 0 | 0.54 | 5.00 |
| Science - Biology | 0 | 1 | 0 | 0 | 10 | 69 | 69.00 | 0 | 0 | 2.81 | 1.11 |
| Fine Arts - Classical Music | 0 | 1 | 0 | 0 | 10 | 110 | 110.00 | 0 | 0 | 0.09 | 1.25 |
| Pop Culture | 0 | 1 | 0 | 1 | 10 | 37 | 37.00 | 0 | 0 | 13.27 | 11.11 |
| Painting/Sculpture | 0 | 0 | 0 | 0 | 0 | 0.00 | 0 | 0 | 0.00 | 0.00 | |
| Geography | 0 | 0 | 1 | 0 | -5 | 0.00 | 0 | 0 | 0.00 | 0.00 |